Hospital general de Boaco
Por su mínima relación de interacción del departamento de Boaco en las áreas de salud con el centro regional de Juigalpa, permite llegar a establecer la necesidad de la construcción de un hospital en el centro poblado de Boaco para satisfacer la demanda hospitalaria de la zona.
| Main Author: | |
|---|---|
| Other Authors: | |
| Format: | Tesis Section = Libro |
| Language: | Undetermined Spanish |
| Published: |
Managua
Universidad Nacional Autónoma de Nicaragua (UNAN)
[s.f.]
|
| Subjects: |
| LEADER | 00986nam a2200217Ia 4500 | ||
|---|---|---|---|
| 008 | 240830s9999 xx 000 0 und d | ||
| 040 | |a BIBLIOTECA-RUSB/ Mon 725.51 G983 | ||
| 041 | |a spa | ||
| 082 | |a Mon 725.51 G983 | ||
| 100 | 1 | |a Gutiérrez Blanca, Flor | |
| 245 | 1 | 0 | |a Hospital general de Boaco |
| 260 | |a Managua |b Universidad Nacional Autónoma de Nicaragua (UNAN) |c [s.f.] | ||
| 300 | |a 100 p. :il. | ||
| 502 | |a Tesis (Arquitecto) - Universidad Nacional Autónoma de Nicaragua (UNAN), [s.f] . | ||
| 520 | 3 | |a Por su mínima relación de interacción del departamento de Boaco en las áreas de salud con el centro regional de Juigalpa, permite llegar a establecer la necesidad de la construcción de un hospital en el centro poblado de Boaco para satisfacer la demanda hospitalaria de la zona. | |
| 650 | 7 | |a EDIFICIOS SANITARIOS Y DE BENEFICENCIA | |
| 650 | 7 | |b ARQUITECTURA | |
| 700 | 1 | |a Tutor: |b Mendoza, Juan José | |
| 942 | |c BK |2 ddc | ||
| 991 | |a TESIS | ||
| 999 | |c 21253 | ||